| 000 | 00564nam a22001577a 4500 | ||
|---|---|---|---|
| 003 | NUST | ||
| 082 | _a610 | ||
| 100 |
_aRahman ,Sania _9122390 |
||
| 245 |
_aIdentification of Compounds from Nigella Sativa as Potential drug for Alzheimer Disease: Bioinformatics Approach / _cSania Rahman |
||
| 264 |
_aIslamabad: _bSMME- NUST. _c2021. |
||
| 300 |
_a53p. ; _bSoft Copy, _c30cm. |
||
| 650 | _aMS Biomedical Sciences (BMS) | ||
| 700 |
_aSupervisor :Dr. Saima Zafar _9122351 |
||
| 856 | _uhttp://10.250.8.41:8080/xmlui/handle/123456789/26202 | ||
| 942 |
_2ddc _cTHE |
||
| 999 |
_c608885 _d608885 |
||